| 000 | 02520cam a2200313 i 4500 | ||
|---|---|---|---|
| 003 | SA-RiAUC | ||
| 005 | 20250114132547.0 | ||
| 008 | 250108s1990 le g 00010 ara c | ||
| 024 | 0 | _a00000000977498 | |
| 024 | 0 | _a00000000983448 | |
| 040 |
_aSA-JeALM _bara _cSA-RiAUC _dAE-DuMBRL _erda |
||
| 050 | 4 | _bH33 1990 | |
| 082 | 0 | 4 |
_a219.1 _qSA-RiAUC |
| 090 |
_a219.1 _b ب و ط |
||
| 100 | 1 |
_aالبوطي، محمد سعيد رمضان، _d1929-2013 _eمؤلف. |
|
| 245 | 1 | 0 |
_aهذه مشكلاتهم / _cالدكتور محمد سعيد رمضان البوطي. |
| 250 | _aالطبعة الأولى. | ||
| 264 | 1 |
_aبيروت : _aدمشق : _bدار الفكر المعاصر ؛ _bدار الفكر، _c1990. |
|
| 300 |
_a248 صفحة ؛ _c24 سم. |
||
| 336 |
_aنص _btxt _2rdacontent _3كتاب |
||
| 337 |
_aبدون وسيط _bn _2rdamedia |
||
| 338 |
_aمجلد _bnc _2rdacarrier |
||
| 500 | _aاهداء من المؤلف محمد سعيد رمضان البوطي بتاريخ 15 / 8 / 1990 م | ||
| 520 | _aيتناول كتاب (هذه مشكلاتهم) والذي قام بتأليفه د. محمد سعيد رمضان البوطي، موضوع (علوم إسلامية) هذا الكتاب يعرض بعض المشكلات التي تواجه المجتمع الإسلامي. وقد عالجها الدكتور البوطي هي: 1-صلاحية الإٍسلام لكل زمان ومكان تناقض مبدأ الصيرورة، 2-الرق الذي ظل مباحا في الإسلام حتى عصور متأخرة يتضارب مع الكرامة الإنسانية، 3-النظرة الدونية للمرأة التي ما تزال راسخة في المجتمع الإسلامي تتعارض مع المساواة، 4-التقديس للتراث يحرم المسلم من النظرة العلمية الواعية، 5-السماح بالنقد للأشخاص والحوادث الميثولوجية في الكتب المقدسة عدا القرآن يتنافى مع إيمان المسلم بالكتب السماوية، 6-الثورة على سلمان رشدي وآياته الشيطانية مصادرة لحرية الرأي، 7-الحياة وراء الحجاب نوع من الموت، 8-موضوع التسري لا يختلف كثيرا عن الدعارة. | ||
| 650 | 7 |
_aالإسلام والإصلاح الاجتماعي _2aucsh |
|
| 650 | 7 |
_aالإسلام _vمقالات ومحاضرات _2aucsh |
|
| 942 |
_2ddc _cBOOK _n0 |
||
| 949 |
_aSA-JeALM _d250108 _uosman123 _n1 |
||
| 999 |
_c4782 _d4782 |
||